000 00366nam a2200157Ia 4500
003 0STCL
008 150530s9999 xx 000 0 und d
040 _aSTCL
_cSTCL
100 _aBrigham, A.P.
245 _aUnited States of America
260 _bUniversity of London
_c1927
546 _aEnglish
942 _2ddc
_cBK
999 _c72035
_d72035
005 20220125171504.0